[Event "MCR mladeze 2014, H14"]
[Site "Kouty nad Desnou"]
[Date "2014.03.14"]
[Round "8"]
[White "Liska, Jiri"]
[Black "Anaskin, Arsenij"]
[Result "1-0"]
[WhiteElo "1911"]
[BlackElo "1977"]
[PlyCount "93"]
[EventDate "2014.??.??"]

1. d4 Nf6 2. Nf3 g6 3. g3 Bg7 4. Bg2 O-O 5. c4 d6 6. O-O Nbd7 7. Nc3 e5 8. h3
c6 9. e4 Qc7 10. Be3 Re8 11. Qc2 Nf8 12. d5 N8d7 13. Rfc1 Nb6 14. Nd2 Bd7 15.
a4 a5 16. c5 dxc5 17. Bxc5 cxd5 18. Nxd5 Nbxd5 19. exd5 Bf5 20. Qb3 e4 21. g4
Bc8 22. d6 Qd8 23. g5 Nh5 24. Nxe4 Nf4 25. Bb6 Ne2+ 26. Kh1 Nxc1 27. Rxc1 Qd7
28. Rc7 Qe6 29. Qb5 Qe5 30. Qxe5 Bxe5 31. d7 Bxd7 32. Rxd7 Rac8 33. Nf6+ Bxf6
34. gxf6 Rc1+ 35. Kh2 Rc2 36. Bd5 Rf8 37. b3 h5 38. Rxb7 Rd2 39. Rd7 Rc2 40.
Kg2 g5 41. Bxa5 g4 42. hxg4 hxg4 43. Bb4 Rb8 44. Bxf7+ Kh8 45. Bd6 Rd2 46. Bxb8
Rxd7 47. Be6 1-0

[Event "MCR mladeze 2014, H14"]
[Site "Kouty nad Desnou"]
[Date "2014.03.14"]
[Round "8"]
[White "Miesbauer, Jan"]
[Black "Hurdzan, Tomas"]
[Result "0-1"]
[WhiteElo "1991"]
[BlackElo "1866"]
[PlyCount "68"]
[EventDate "2014.??.??"]

1. d4 Nf6 2. c4 g6 3. Nc3 Bg7 4. e4 d6 5. f4 O-O 6. Nf3 c5 7. d5 e6 8. Be2 exd5
9. cxd5 Nbd7 10. O-O Re8 11. Qc2 Qc7 12. Nd2 c4 13. Nxc4 a6 14. a4 Nc5 15. Bf3
b6 16. h3 Rb8 17. e5 dxe5 18. d6 Qd8 19. fxe5 Bf5 20. Qd1 Nfd7 21. Nd5 Nxe5 22.
Nxe5 Bxe5 23. Ne7+ Rxe7 24. dxe7 Qxe7 25. Re1 Qf6 26. Ra2 Nd3 27. Re2 Rd8 28.
Rd2 Bf4 29. b3 Qd4+ 30. Kh1 Nf2+ 31. Kg1 Nxh3+ 32. Kh1 Nf2+ 33. Kg1 Bxd2 34.
Rxd2 Nxd1+ 0-1

[Event "MCR mladeze 2014, H14"]
[Site "Kouty nad Desnou"]
[Date "2014.03.14"]
[Round "8"]
[White "Danek, Daniel"]
[Black "Wagner, Vojtech"]
[Result "1-0"]
[WhiteElo "1827"]
[BlackElo "1907"]
[PlyCount "135"]
[EventDate "2014.??.??"]

1. e4 e5 2. Nf3 Nc6 3. Bb5 a6 4. Ba4 Nf6 5. d3 b5 6. Bb3 Be7 7. a4 Bb7 8. Nc3
b4 9. Nd5 O-O 10. O-O d6 11. Bd2 a5 12. c3 bxc3 13. bxc3 Ba6 14. Qc2 Nb8 15.
Nxe7+ Qxe7 16. Rfe1 c5 17. Bg5 Nbd7 18. Nh4 c4 19. Bxc4 Bxc4 20. dxc4 Nc5 21.
Rad1 Qe6 22. Bxf6 Qxf6 23. Nf5 Ra6 24. Rb1 Qe6 25. Ne3 Qd7 26. Rb5 Kh8 27. Rd1
Qc6 28. f3 g6 29. Ra1 Ne6 30. Qd2 Nc7 31. Rb2 Rc8 32. Kh1 Ne6 33. Rb5 Nc7 34.
Rd1 h5 35. h3 Qd7 36. Nd5 Qd8 37. Nxc7 Qxc7 38. c5 dxc5 39. Qd7 Ra7 40. Qxc7
Rcxc7 41. Rd5 c4 42. Rxe5 Rd7 43. Red5 Rxd5 44. exd5 Kg7 45. Rc5 Kf6 46. Rxc4
Ke5 47. Rc5 Kd6 48. Rb5 Ke5 49. Kh2 h4 50. g3 Rc7 51. gxh4 Rxc3 52. Kg3 Ra3 53.
Rxa5 f5 54. d6+ Kxd6 55. Ra6+ Ke5 56. Rxg6 Rxa4 57. h5 Ra8 58. h6 Rh8 59. Kh4
Kf4 60. Rf6 Kxf3 61. Rxf5+ Ke4 62. Rf6 Ke5 63. Rg6 Kf5 64. Kh5 Rh7 65. Rg7 Rh8
66. h7 Kf6 67. Kh6 Re8 68. Rg8 1-0

[Event "MCR mladeze 2014, H14"]
[Site "Kouty nad Desnou"]
[Date "2014.03.14"]
[Round "8"]
[White "Jelinek, Michal"]
[Black "Simet, Martin"]
[Result "0-1"]
[WhiteElo "1870"]
[BlackElo "1777"]
[PlyCount "118"]
[EventDate "2014.??.??"]

1. d4 d5 2. c4 e6 3. Nc3 Nf6 4. Bg5 Nbd7 5. e3 c6 6. Qc2 Qa5 7. Bxf6 Nxf6 8.
cxd5 Nxd5 9. e4 Nxc3 10. bxc3 b5 11. Nf3 b4 12. Be2 bxc3 13. O-O Ba3 14. Rab1
O-O 15. Ne5 Bb2 16. a4 Qb6 17. Rfd1 Rb8 18. a5 Qb3 19. Bd3 Ba6 20. Qxb3 Rxb3
21. Bc2 Ra3 22. Nxc6 Bb5 23. d5 g6 24. Rd4 Bxc6 25. dxc6 Rc8 26. Rc4 Rxa5 27.
c7 Kf8 28. Kf1 Ke7 29. Ke2 Ra6 30. Rd1 Rd6 31. Rxd6 Kxd6 32. Ba4 e5 33. Rc6+
Ke7 34. Kd3 Ba3 35. Kxc3 Bd6 36. Kc4 Rxc7 37. Rxc7+ Bxc7 38. Kd5 f5 39. f3 Kf6
40. Bd7 f4 41. g3 fxg3 42. hxg3 h5 43. Bh3 g5 44. Kc6 Bb6 45. Kb5 h4 46. g4 Ke6
47. Bf1 Kd6 48. Kb4 a5+ 49. Kb3 Kc5 50. Kc3 a4 51. Bg2 Ba5+ 52. Kb2 Bb4 53. f4
exf4 54. e5 Kd4 55. e6 Ke5 56. Bc6 Kxe6 57. Bxa4 Ke5 58. Kc2 Kd4 59. Kd1 Ke5
0-1

[Event "MCR mladeze 2014, H14"]
[Site "Kouty nad Desnou"]
[Date "2014.03.14"]
[Round "8"]
[White "Lojek, Marek"]
[Black "Parizek, Vojtech"]
[Result "0-1"]
[WhiteElo "1776"]
[BlackElo "1712"]
[PlyCount "32"]
[EventDate "2014.??.??"]

1. e4 c5 2. Nf3 e6 3. d4 cxd4 4. Nxd4 a6 5. c4 Qc7 6. Nc3 Nf6 7. Bd3 Be7 8. O-O
O-O 9. Be3 d6 10. f4 b6 11. f5 Nc6 12. Nxc6 Qxc6 13. Qa4 Qc7 14. fxe6 fxe6 15.
Qb3 Rb8 16. Bg5 Qc5+ 0-1

[Event "MCR mladeze 2014, H14"]
[Site "Kouty nad Desnou"]
[Date "2014.03.14"]
[Round "8"]
[White "Chwistek, Karel"]
[Black "Steinbauer, Filip"]
[Result "1/2-1/2"]
[WhiteElo "1697"]
[BlackElo "1637"]
[PlyCount "38"]
[EventDate "2014.??.??"]

1. e4 d6 2. d4 Nf6 3. Nc3 e5 4. dxe5 dxe5 5. Qxd8+ Kxd8 6. Bg5 Bd6 7. O-O-O a6
8. Bc4 Ke8 9. f3 b5 10. Bd5 Nxd5 11. Nxd5 f6 12. Be3 Nc6 13. Bc5 Rb8 14. Bxd6
cxd6 15. Ne3 Ke7 16. Ne2 Rd8 17. Nc3 Be6 18. Ncd5+ Kd7 19. g4 Ne7 1/2-1/2

[Event "MCR mladeze 2014, H14"]
[Site "Kouty nad Desnou"]
[Date "2014.03.14"]
[Round "8"]
[White "Havelka, Ondrej"]
[Black "Novy, Filip"]
[Result "0-1"]
[WhiteElo "1642"]
[BlackElo "1817"]
[PlyCount "66"]
[EventDate "2014.??.??"]

1. d4 Nf6 2. c4 g6 3. Nc3 Bg7 4. e4 d6 5. f3 c6 6. Be3 a6 7. c5 O-O 8. Bd3 Nbd7
9. cxd6 exd6 10. Nge2 Nb6 11. O-O Be6 12. b3 Nfd7 13. f4 f5 14. e5 Kh8 15. Rc1
Rg8 16. Ng3 Qf8 17. h4 Rd8 18. Qe2 Qf7 19. Kf2 h5 20. Rh1 Rge8 21. Nf1 Nd5 22.
Nxd5 Bxd5 23. Nd2 dxe5 24. dxe5 Kh7 25. Bc4 Bxe5 26. fxe5 Nxe5 27. Nf1 f4 28.
Kg1 fxe3 29. Bxd5 Rxd5 30. Qxe3 Nd3 31. Qd2 Nxc1 32. Qxc1 Re2 33. a4 Qf2+ 0-1

[Event "MCR mladeze 2014, H14"]
[Site "Kouty nad Desnou"]
[Date "2014.03.14"]
[Round "8"]
[White "Pulpan, Matej"]
[Black "Kriz, Vojtech"]
[Result "1-0"]
[WhiteElo "1774"]
[BlackElo "1565"]
[PlyCount "67"]
[EventDate "2014.??.??"]

1. e4 c5 2. c3 d5 3. exd5 Qxd5 4. d4 Nc6 5. Nf3 Bg4 6. Be2 e6 7. O-O Nf6 8. Be3
cxd4 9. cxd4 Be7 10. Nc3 Qd8 11. h3 Bh5 12. Qb3 Qd7 13. g4 Bg6 14. Ne5 Qc8 15.
Bb5 O-O 16. Bxc6 bxc6 17. Qc4 Bd6 18. Qxc6 Qxc6 19. Nxc6 Ne4 20. Ne5 Bxe5 21.
dxe5 Rab8 22. Nxe4 Bxe4 23. b3 a6 24. Rfd1 Bd5 25. Rac1 Rbc8 26. Bc5 Rfe8 27.
Bd6 g6 28. Bc5 Kg7 29. Rd2 Rc6 30. Rdc2 Rec8 31. b4 f6 32. f4 f5 33. a4 Bb3 34.
Bf8+ 1-0

[Event "MCR mladeze 2014, H14"]
[Site "Kouty nad Desnou"]
[Date "2014.03.14"]
[Round "8"]
[White "Filip, Tomas"]
[Black "Vraj, Karel"]
[Result "0-1"]
[WhiteElo "1590"]
[BlackElo "1593"]
[PlyCount "54"]
[EventDate "2014.??.??"]

1. e4 c5 2. Nf3 d6 3. d4 cxd4 4. Nxd4 Nf6 5. Nc3 g6 6. Be3 Bg7 7. f3 O-O 8. Qd2
Nc6 9. Bc4 Bd7 10. O-O-O a6 11. g4 b5 12. Bb3 b4 13. Nd5 a5 14. h4 a4 15. Bc4
Ne5 16. Nxf6+ Bxf6 17. Be2 b3 18. cxb3 axb3 19. a3 Rc8+ 20. Kb1 Nc4 21. Bxc4
Rxc4 22. Rc1 Rxc1+ 23. Qxc1 Qa5 24. Nxb3 Qb5 25. Nd4 Qd3+ 26. Nc2 Rb8 27. b4
Qc4 0-1

[Event "MCR mladeze 2014, H14"]
[Site "Kouty nad Desnou"]
[Date "2014.03.14"]
[Round "8"]
[White "Jurasek, Vojtech"]
[Black "Oplustil, David"]
[Result "1-0"]
[WhiteElo "1498"]
[BlackElo "1488"]
[PlyCount "58"]
[EventDate "2014.??.??"]

1. d4 d5 2. c4 c6 3. Nc3 Nf6 4. Nf3 e6 5. Bg5 Nbd7 6. e3 Bd6 7. Be2 dxc4 8.
Bxc4 b5 9. Bd3 Bb7 10. O-O O-O 11. Rc1 a6 12. Ne4 Be7 13. Nxf6+ Bxf6 14. Bxf6
Nxf6 15. Ne5 Rc8 16. b4 Qb6 17. g4 h6 18. f4 Qd8 19. h3 Qd5 20. Qe2 Rfd8 21.
Rc5 Qd6 22. g5 Nd7 23. Nxd7 Rxd7 24. gxh6 gxh6 25. Qh5 Kf8 26. Qxh6+ Ke7 27.
Qh4+ Ke8 28. f5 Re7 29. f6 Rec7 1-0

[Event "MCR mladeze 2014, H14"]
[Site "Kouty nad Desnou"]
[Date "2014.03.14"]
[Round "8"]
[White "Sedlak, Jiri"]
[Black "Zitny, Michal"]
[Result "1-0"]
[WhiteElo "1753"]
[BlackElo "1566"]
[PlyCount "37"]
[EventDate "2014.??.??"]

1. e4 c6 2. d4 d5 3. exd5 cxd5 4. c4 Nf6 5. Nc3 Nc6 6. Bg5 dxc4 7. Bxc4 Qxd4 8.
Nb5 Qe5+ 9. Ne2 Qb8 10. Qb3 e6 11. Bf4 e5 12. Bxf7+ Ke7 13. Bg5 a6 14. Nbc3 Bd7
15. Rd1 Na5 16. Rxd7+ Kxd7 17. Qe6+ Kc7 18. Bxf6 Qc8 19. Bxe5+ 1-0

[Event "MCR mladeze 2014, H14"]
[Site "Kouty nad Desnou"]
[Date "2014.03.15"]
[Round "9"]
[White "Danek, Daniel"]
[Black "Vykouk, Jan"]
[Result "0-1"]
[WhiteElo "1827"]
[BlackElo "2088"]
[PlyCount "76"]
[EventDate "2014.??.??"]

1. e4 c5 2. Nc3 d6 3. Bb5+ Bd7 4. Bxd7+ Qxd7 5. d3 g6 6. f4 Bg7 7. Nf3 Nc6 8.
O-O e6 9. Qe1 Nge7 10. Kh1 O-O 11. Be3 Nd4 12. Qd2 b5 13. e5 Nef5 14. Rae1 Nxe3
15. Rxe3 d5 16. Ree1 Nxf3 17. Rxf3 f6 18. exf6 Rxf6 19. Qf2 Qc6 20. Qh4 Raf8
21. Nd1 Qd6 22. Ref1 h5 23. Nc3 b4 24. Ne2 Qa6 25. Nc1 c4 26. Qg5 Kh7 27. g4
Bh6 28. Qh4 Bxf4 29. Ne2 Qd6 30. Qf2 g5 31. Nxf4 Rxf4 32. Qxa7+ Kh6 33. Qe3 d4
34. Qe2 Qc6 35. Kg1 Rxf3 36. Rxf3 Qxf3 37. Qxe6+ Rf6 38. Qe1 Qe3+ 0-1

[Event "MCR mladeze 2014, H14"]
[Site "Kouty nad Desnou"]
[Date "2014.03.15"]
[Round "9"]
[White "Vystrcil, Martin"]
[Black "Liska, Jiri"]
[Result "0-1"]
[WhiteElo "1783"]
[BlackElo "1911"]
[PlyCount "84"]
[EventDate "2014.??.??"]

1. e4 c5 2. Nf3 Nc6 3. d4 cxd4 4. Nxd4 e5 5. Nb5 a6 6. Nd6+ Bxd6 7. Qxd6 Qf6 8.
Qd1 Nge7 9. Nc3 Qg6 10. Be3 d5 11. Nxd5 Nxd5 12. Qxd5 O-O 13. O-O-O Be6 14. Qd2
Qxe4 15. b3 a5 16. Bd3 Qh4 17. Bg5 Qd4 18. c3 Qb6 19. h4 a4 20. b4 a3 21. Be3
Qc7 22. Kb1 f5 23. f3 Qf7 24. Bb5 Ne7 25. Bc5 b6 26. Bxe7 Qxe7 27. Qd6 Qf7 28.
Qxe5 Bxa2+ 29. Ka1 Bb3 30. Rd7 Qg6 31. Rd2 Rad8 32. Qe2 Rc8 33. Rc1 Qf6 34. Rd3
h6 35. Qd2 Rfd8 36. g3 Rxd3 37. Qxd3 Rd8 38. Qe2 Rd1 39. Qe3 Qe5 40. Ba4 Qxe3
41. Bxb3+ Kh7 42. Rxd1 Qxc3+ 0-1

[Event "MCR mladeze 2014, H14"]
[Site "Kouty nad Desnou"]
[Date "2014.03.15"]
[Round "9"]
[White "Hurdzan, Tomas"]
[Black "Simet, Martin"]
[Result "1-0"]
[WhiteElo "1866"]
[BlackElo "1777"]
[PlyCount "111"]
[EventDate "2014.??.??"]

1. c4 e5 2. Nc3 Nf6 3. g3 d5 4. cxd5 Nxd5 5. Bg2 Be6 6. Nf3 f6 7. O-O c5 8. Qb3
Qb6 9. Nxd5 Qxb3 10. Nxf6+ gxf6 11. axb3 Nc6 12. d3 Kd7 13. Be3 Bxb3 14. Nd2
Bf7 15. Ne4 f5 16. Nxc5+ Bxc5 17. Bxc5 a6 18. Rfd1 Rab8 19. d4 e4 20. d5 Ne7
21. Bxe7 Kxe7 22. f3 exf3 23. exf3 Kd6 24. f4 Rbc8 25. Rd2 Rhe8 26. Kf2 Rc5 27.
Rad1 a5 28. Bf3 Rc4 29. Ra1 b6 30. Ra3 Re7 31. Rb3 Rb7 32. Re3 Re7 33. Rxe7
Kxe7 34. d6+ Kd7 35. Ke3 Be6 36. h3 b5 37. g4 b4 38. gxf5 Bxf5 39. Bg4 Bxg4 40.
hxg4 b3 41. Rh2 Kxd6 42. Rxh7 Rc2 43. Ra7 Rxb2 44. Rxa5 Rg2 45. g5 b2 46. Rb5
Ke6 47. Kf3 Rc2 48. Kg4 Kf7 49. Rb6 Kg7 50. Rb7+ Kf8 51. Kh5 Kg8 52. f5 Rd2 53.
Kg6 Rd6+ 54. f6 Rd8 55. Rxb2 Rf8 56. f7+ 1-0

[Event "MCR mladeze 2014, H14"]
[Site "Kouty nad Desnou"]
[Date "2014.03.15"]
[Round "9"]
[White "Parizek, Vojtech"]
[Black "Wagner, Vojtech"]
[Result "1-0"]
[WhiteElo "1712"]
[BlackElo "1907"]
[PlyCount "81"]
[EventDate "2014.??.??"]

1. e4 c5 2. Nf3 Nc6 3. d4 cxd4 4. Nxd4 g6 5. Nc3 Bg7 6. Nde2 Nf6 7. g3 O-O 8.
Bg2 d6 9. O-O Bd7 10. h3 Qc8 11. Kh2 Ne5 12. a4 Bc6 13. Nd5 Nxd5 14. exd5 Bd7
15. Ra2 Nc4 16. b3 Na5 17. Be3 b6 18. c4 Qc7 19. Bd4 a6 20. Bxg7 Kxg7 21. Nd4
Rfc8 22. Re1 Be8 23. Rae2 Ra7 24. Qd2 h6 25. f4 Qd7 26. f5 Kh7 27. fxg6+ fxg6
28. Rf2 e5 29. dxe6 Qg7 30. Qf4 Rd8 31. Bd5 Re7 32. b4 Nb7 33. Qh4 Rb8 34. Qe4
Nd8 35. Qf4 Kh8 36. Qxd6 Rc8 37. Ref1 Kh7 38. Rf6 a5 39. b5 Nb7 40. Qxb6 Nc5
41. Nc6 1-0

[Event "MCR mladeze 2014, H14"]
[Site "Kouty nad Desnou"]
[Date "2014.03.15"]
[Round "9"]
[White "Anaskin, Arsenij"]
[Black "Pulpan, Matej"]
[Result "1-0"]
[WhiteElo "1977"]
[BlackElo "1774"]
[PlyCount "73"]
[EventDate "2014.??.??"]

1. e4 e6 2. d4 d5 3. Nd2 Be7 4. Bd3 c5 5. c3 Nc6 6. Ngf3 Nf6 7. exd5 Nxd5 8.
Nb3 cxd4 9. Nbxd4 O-O 10. O-O Bd6 11. Qc2 h6 12. Rd1 Nxd4 13. Nxd4 Be5 14. Nf3
Qf6 15. Be4 Nb6 16. Nxe5 Qxe5 17. Be3 Qc7 18. Rd3 Bd7 19. Bxh6 f5 20. Rg3 Rf7
21. Bd3 f4 22. Rg6 Nd5 23. Bg5 Rc8 24. a3 e5 25. Be4 Qc4 26. Rd6 Bc6 27. Bg6
Rd7 28. Qf5 Nxc3 29. Bh7+ Kh8 30. Qh3 Ne2+ 31. Kh1 Bxg2+ 32. Kxg2 f3+ 33. Kxf3
e4+ 34. Bxe4+ Kg8 35. Bd5+ Qxd5+ 36. Rxd5 Rf8+ 37. Kxe2 1-0

[Event "MCR mladeze 2014, H14"]
[Site "Kouty nad Desnou"]
[Date "2014.03.15"]
[Round "9"]
[White "Novy, Filip"]
[Black "Miesbauer, Jan"]
[Result "1/2-1/2"]
[WhiteElo "1817"]
[BlackElo "1991"]
[PlyCount "61"]
[EventDate "2014.??.??"]

1. e4 c5 2. Nf3 d6 3. d4 cxd4 4. Nxd4 Nf6 5. Nc3 Nc6 6. Bg5 e6 7. Qd2 a6 8.
O-O-O Bd7 9. f4 Be7 10. Be2 b5 11. e5 b4 12. exf6 gxf6 13. Bf3 bxc3 14. Qxc3
Nxd4 15. Qxd4 Rb8 16. Bh4 d5 17. c3 Rg8 18. Rhe1 Rc8 19. Bxd5 Rg4 20. g3 Rxh4
21. gxh4 exd5 22. Qxd5 Be6 23. Qe4 Qa5 24. Qxh7 Qxa2 25. Qh8+ Bf8 26. Qxf6 Qa1+
27. Kc2 Qa4+ 28. Kb1 Qa2+ 29. Kc1 Qa1+ 30. Kc2 Qa4+ 31. Kb1 1/2-1/2

[Event "MCR mladeze 2014, H14"]
[Site "Kouty nad Desnou"]
[Date "2014.03.15"]
[Round "9"]
[White "Steinbauer, Filip"]
[Black "Jurasek, Vojtech"]
[Result "0-1"]
[WhiteElo "1637"]
[BlackElo "1498"]
[PlyCount "100"]
[EventDate "2014.??.??"]

1. e4 c5 2. Nf3 e6 3. d4 cxd4 4. Nxd4 a6 5. Bd3 Qc7 6. f4 Nc6 7. Nxc6 bxc6 8.
Be3 d5 9. c4 Nf6 10. Nd2 Be7 11. O-O e5 12. f5 d4 13. Bf2 Nd7 14. Nb3 a5 15. a4
Nc5 16. Nxc5 Bxc5 17. g4 f6 18. h4 h6 19. Be1 Rb8 20. Rb1 Qa7 21. Qd2 Bb4 22.
Qc2 Bxe1 23. Rfxe1 c5 24. b3 Rb4 25. Rb2 Bd7 26. Reb1 Ke7 27. Qg2 Qb8 28. Kf2
Bxa4 29. g5 hxg5 30. hxg5 Rg8 31. Rg1 Rf8 32. Be2 Rxb3 33. Rxb3 Qxb3 34. gxf6+
gxf6 35. Qg7+ Rf7 36. Qg8 Qe3+ 37. Kf1 Qf4+ 38. Ke1 Qxe4 39. Rg7 Be8 40. Rxf7+
Bxf7 41. Qc8 Qb1+ 42. Bd1 Qb4+ 43. Kf2 Bxc4 44. Qc7+ Kf8 45. Qc8+ Kg7 46. Qd7+
Bf7 47. Qc6 Qd2+ 48. Be2 d3 49. Qg2+ Kf8 50. Qa8+ Be8 0-1

[Event "MCR mladeze 2014, H14"]
[Site "Kouty nad Desnou"]
[Date "2014.03.15"]
[Round "9"]
[White "Lojek, Marek"]
[Black "Jelinek, Michal"]
[Result "0-1"]
[WhiteElo "1776"]
[BlackElo "1870"]
[PlyCount "82"]
[EventDate "2014.??.??"]

1. e4 e6 2. d4 d5 3. e5 c5 4. c3 Qb6 5. Nf3 Nc6 6. a3 Nh6 7. b4 cxd4 8. cxd4
Nf5 9. Be3 f6 10. exf6 gxf6 11. Nc3 Nxe3 12. fxe3 Bh6 13. Ne5 Nxe5 14. Na4 Qd6
15. Bb5+ Bd7 16. Bxd7+ Kxd7 17. Nc5+ Ke7 18. Nxb7 Qb6 19. dxe5 Qxe3+ 20. Qe2
fxe5 21. Qxe3 Bxe3 22. Na5 Rac8 23. Ke2 Bb6 24. Nb3 Rc2+ 25. Nd2 e4 26. Rhc1
Rhc8 27. Kd1 Rxc1+ 28. Rxc1 Rxc1+ 29. Kxc1 Be3 30. Kc2 Kd6 31. Nf1 Bg5 32. g3
d4 33. h4 Bh6 34. Nh2 Kd5 35. Ng4 Bg7 36. Nf2 d3+ 37. Kd2 Kd4 38. Ng4 e3+ 39.
Kd1 h5 40. Nh2 e2+ 41. Kd2 Bh6+ 0-1

[Event "MCR mladeze 2014, H14"]
[Site "Kouty nad Desnou"]
[Date "2014.03.15"]
[Round "9"]
[White "Vraj, Karel"]
[Black "Chwistek, Karel"]
[Result "0-1"]
[WhiteElo "1593"]
[BlackElo "1697"]
[PlyCount "72"]
[EventDate "2014.??.??"]

1. e4 c5 2. Nf3 Nc6 3. d4 cxd4 4. Nxd4 g6 5. Nc3 Bg7 6. Be3 Nf6 7. Bc4 O-O 8.
f3 Qb6 9. Qd2 Qxb2 10. O-O Qb4 11. Nxc6 dxc6 12. Qd4 Nd5 13. Nxd5 cxd5 14. Qxd5
Be6 15. Rab1 Qxc4 16. Qxb7 Qc3 17. Bf4 Rad8 18. Qxe7 Bf6 19. Qb7 Rd7 20. Qb4
Bxa2 21. Qxc3 Bxc3 22. Rbc1 Bd2 23. Bxd2 Rxd2 24. Rf2 Rfd8 25. Rxd2 Rxd2 26. h4
Bc4 27. Kh2 a6 28. Kh3 Rf2 29. Rb1 Rxc2 30. g3 Kg7 31. Kg4 Be6+ 32. Kf4 a5 33.
Rb5 a4 34. h5 gxh5 35. Rxh5 a3 36. Rg5+ Kf8 0-1

[Event "MCR mladeze 2014, H14"]
[Site "Kouty nad Desnou"]
[Date "2014.03.15"]
[Round "9"]
[White "Kriz, Vojtech"]
[Black "Sedlak, Jiri"]
[Result "1-0"]
[WhiteElo "1565"]
[BlackElo "1753"]
[PlyCount "49"]
[EventDate "2014.??.??"]

1. e4 e5 2. Nf3 Nc6 3. d4 exd4 4. Nxd4 Qh4 5. Nc3 Bb4 6. Nf3 Qxe4+ 7. Be3 Bxc3+
8. bxc3 Nf6 9. Bd3 Qe7 10. O-O O-O 11. Re1 d6 12. Ng5 Ne5 13. f4 Nxd3 14. Qxd3
Qd7 15. Bd4 Qf5 16. Rab1 b6 17. Re3 Nd5 18. Rg3 f6 19. Qc4 c5 20. Re1 Kh8 21.
Nf7+ Kg8 22. Ng5 Kh8 23. Nf7+ Kg8 24. Ng5 Kh8 25. Nf7+ 1-0

[Event "MCR mladeze 2014, H14"]
[Site "Kouty nad Desnou"]
[Date "2014.03.15"]
[Round "9"]
[White "Zitny, Michal"]
[Black "Havelka, Ondrej"]
[Result "0-1"]
[WhiteElo "1566"]
[BlackElo "1642"]
[PlyCount "76"]
[EventDate "2014.??.??"]

1. c4 e6 2. Nc3 d5 3. cxd5 exd5 4. d4 Nf6 5. Bg5 Be7 6. Qc2 O-O 7. e3 b6 8. Nf3
Bb7 9. Bd3 h6 10. Bf4 Nbd7 11. O-O c5 12. b3 Rc8 13. Rac1 cxd4 14. Nxd4 Ba3 15.
Rcd1 Bb4 16. Nde2 Nh5 17. Bg3 Nxg3 18. hxg3 Ne5 19. Bf5 Rc7 20. Qb2 Qf6 21. Bh3
Bxc3 22. Nxc3 Rxc3 23. Rd4 Rc7 24. Kh1 Nc6 25. Rd2 Qxb2 26. Rxb2 f5 27. Rd2 Ne7
28. Rd4 g5 29. g4 f4 30. exf4 Rxf4 31. Rd2 Rc3 32. Kg1 Kf7 33. g3 Rf6 34. Bg2
Re6 35. Rfd1 a5 36. Bf1 Rec6 37. Re1 Rc1 38. Re3 Ba6 0-1

[Event "MCR mladeze 2014, H14"]
[Site "Kouty nad Desnou"]
[Date "2014.03.15"]
[Round "9"]
[White "Oplustil, David"]
[Black "Filip, Tomas"]
[Result "0-1"]
[WhiteElo "1488"]
[BlackElo "1590"]
[PlyCount "32"]
[EventDate "2014.??.??"]

1. e4 c5 2. Nf3 d6 3. d4 cxd4 4. Nxd4 Nf6 5. Nc3 a6 6. Be2 e5 7. Nb3 Be7 8. Be3
Be6 9. O-O O-O 10. Kh1 Qc7 11. f4 Rd8 12. f5 Bc4 13. g4 d5 14. exd5 Nxd5 15.
Nxd5 Bxd5+ 16. Bf3 Bxb3 0-1

[Event "MCR mladeze 2014, H16"]
[Site "Kouty nad Desnou"]
[Date "2014.03.08"]
[Round "1"]
[White "Filip, Vojtech"]
[Black "Rydl, Jiri"]
[Result "0-1"]
[WhiteElo "1883"]
[BlackElo "2181"]
[PlyCount "38"]
[EventDate "2014.03.08"]

1. d4 Nf6 2. Nf3 e6 3. c4 Bb4+ 4. Bd2 c5 5. e3 O-O 6. a3 Bxd2+ 7. Nbxd2 b6 8.
Bd3 Bb7 9. O-O Nc6 10. Qe2 d6 11. Rab1 Rc8 12. b4 cxd4 13. exd4 Qd7 14. Rfe1
Ne7 15. Rbc1 Rc7 16. Ng5 h6 17. Nh7 Nxh7 18. Bxh7+ Kh8 19. Bd3 Re8 {
Necitelny zapis.} 0-1

[Event "MCR mladeze 2014, H16"]
[Site "Kouty nad Desnou"]
[Date "2014.03.08"]
[Round "1"]
[White "Petr, Jan"]
[Black "Horak, Martin"]
[Result "1-0"]
[WhiteElo "2162"]
[BlackElo "1852"]
[PlyCount "81"]
[EventDate "2014.03.08"]

1. d4 Nf6 2. g3 e6 3. Bg2 d5 4. Nf3 Be7 5. O-O O-O 6. c4 b6 7. Ne5 Bb7 8. Qa4
c5 9. dxc5 Bxc5 10. Nc3 a6 11. Bf4 Qe7 12. Rad1 dxc4 13. Qxc4 Bxg2 14. Kxg2 b5
15. Qd3 Qb7+ 16. Qf3 Ra7 17. Rd3 Nbd7 18. Nc6 e5 19. Nxe5 Qxf3+ 20. Kxf3 Nxe5+
21. Bxe5 Nd7 22. Bd4 Bxd4 23. Rxd4 Ne5+ 24. Kg2 f6 25. Rfd1 Re8 26. b3 Rc7 27.
Nd5 Rc2 28. R4d2 Rc5 29. Ne3 Rec8 30. Rd8+ Rxd8 31. Rxd8+ Kf7 32. f4 Ng6 33.
Rd7+ Ne7 34. b4 Rc1 35. Ra7 Ke8 36. Rxa6 Rb1 37. a3 Rb3 38. Kf2 Kd7 39. Ra7+
Kd6 40. Nc2 Nc6 41. Ra6 1-0

[Event "MCR mladeze 2014, H16"]
[Site "Kouty nad Desnou"]
[Date "2014.03.08"]
[Round "1"]
[White "Havelka, Jan"]
[Black "Pulpan, Jakub"]
[Result "0-1"]
[WhiteElo "1833"]
[BlackElo "2146"]
[PlyCount "66"]
[EventDate "2014.03.08"]

1. e4 c5 2. Nc3 Nc6 3. Bb5 Nd4 4. Bc4 e6 5. Nge2 Ne7 6. O-O g6 7. d3 Bg7 8.
Nxd4 cxd4 9. Ne2 d5 10. exd5 Nxd5 11. Nf4 Nb6 12. Bb3 a5 13. a4 O-O 14. Bd2 Qc7
15. Ne2 Nd7 16. Qc1 Nc5 17. Bc4 e5 18. Bh6 Be6 19. Bxg7 Kxg7 20. Bxe6 Nxe6 21.
f4 exf4 22. Nxf4 Nxf4 23. Qxf4 Qxc2 24. Qxd4+ Kg8 25. Rf2 Qb3 26. Qc4 Qb6 27.
d4 Rac8 28. Qd3 Rfd8 29. Rd1 Rc7 30. Kh1 Rxd4 31. Qe2 Rxd1+ 32. Qxd1 Qxf2 33.
h3 Qf4 0-1

[Event "MCR mladeze 2014, H16"]
[Site "Kouty nad Desnou"]
[Date "2014.03.08"]
[Round "1"]
[White "Kozusek, Daniel"]
[Black "Krutsky, Martin"]
[Result "1-0"]
[WhiteElo "2133"]
[BlackElo "1800"]
[PlyCount "71"]
[EventDate "2014.03.08"]

1. d4 Nf6 2. c4 g6 3. Nc3 Bg7 4. e4 d6 5. Nf3 O-O 6. h3 e5 7. d5 Nbd7 8. Bg5 a5
9. Be2 Nc5 10. Nd2 Bd7 11. g4 Qc8 12. Qc2 c6 13. Be3 cxd5 14. cxd5 Qc7 15. Nb5
Bxb5 16. Bxb5 Nfd7 17. Bxd7 Qxd7 18. Nc4 Ra6 19. Nxd6 Rxd6 20. Qxc5 b6 21. Qa3
f5 22. f3 fxe4 23. fxe4 Rf3 24. O-O-O Bf8 25. Qc3 Qa4 26. Rdf1 Rxf1+ 27. Rxf1
Qxe4 28. Rxf8+ Kxf8 29. Bh6+ Ke7 30. Qc7+ Rd7 31. Bg5+ Kf8 32. Qc8+ Kg7 33.
Qxd7+ Kg8 34. Qe6+ Kg7 35. Bf6+ Kh6 36. g5+ 1-0

[Event "MCR mladeze 2014, H16"]
[Site "Kouty nad Desnou"]
[Date "2014.03.08"]
[Round "1"]
[White "Reznicek, Dominik"]
[Black "Dvorak, Adam"]
[Result "0-1"]
[WhiteElo "1799"]
[BlackElo "2119"]
[PlyCount "64"]
[EventDate "2014.03.08"]

1. e4 c5 2. c3 d6 3. d4 Nf6 4. dxc5 Nc6 5. cxd6 Nxe4 6. Nf3 Qxd6 7. Qxd6 Nxd6
8. Bf4 Bf5 9. Nbd2 O-O-O 10. O-O-O f6 11. Nc4 Ne4 12. Rxd8+ Kxd8 13. Be3 e5 14.
Ncd2 Bc5 15. Nxe4 Bxe3+ 16. fxe3 Bxe4 17. Bc4 g5 18. Rd1+ Ke7 19. Bd5 Bxd5 20.
Rxd5 Ke6 21. Rd1 h5 22. e4 h4 23. h3 Ne7 24. Ng1 Ng6 25. Ne2 Nf4 26. Nxf4+ gxf4
27. Rf1 f5 28. exf5+ Kxf5 29. a4 e4 30. Rf2 e3 31. Re2 Rd8 32. Kc2 Ke4 0-1

[Event "MCR mladeze 2014, H16"]
[Site "Kouty nad Desnou"]
[Date "2014.03.08"]
[Round "1"]
[White "Kratochvil, Vit"]
[Black "Skorepa, Jakub"]
[Result "1/2-1/2"]
[WhiteElo "2051"]
[BlackElo "1797"]
[PlyCount "71"]
[EventDate "2014.03.08"]

1. e4 c6 2. d4 d5 3. exd5 cxd5 4. Bd3 Nc6 5. c3 g6 6. Bf4 Nh6 7. Nf3 Bf5 8. h4
Bg7 9. Na3 a6 10. Nc2 Bxd3 11. Qxd3 Nf5 12. h5 Qd7 13. O-O-O O-O-O 14. Kb1 e6
15. Nb4 Nd6 16. Nxc6 Qxc6 17. Ne5 Bxe5 18. Bxe5 Rhf8 19. hxg6 hxg6 20. Rh7 Ne4
21. Qe2 Qc4 22. Qxc4+ dxc4 23. f3 Ng5 24. Rh2 f6 25. Bf4 e5 26. Be3 exd4 27.
Rxd4 Rxd4 28. Bxd4 Ne6 29. Be3 Kd7 30. Rh4 b5 31. Rh7+ Kc6 32. Re7 Nc7 33. Bf4
Nd5 34. Re6+ Kb7 35. Bg3 Rh8 36. Re1 1/2-1/2